1 a 100 - Statistiques

Statistiques générales
  • Ce quiz a été pris 16 fois
  • Le résultat moyen est 45 sur 99
Statistiques - réponses
Hint Réponse % Correct
1 1
100%
10 10
100%
11 11
100%
12 12
100%
13 13
100%
14 14
100%
15 15
100%
16 16
100%
17 17
100%
18 18
100%
19 19
100%
2 2
100%
21 21
100%
22 22
100%
23 23
100%
24 24
100%
25 25
100%
26 26
100%
27 27
100%
28 28
100%
29 29
100%
3 3
100%
30 30
100%
31 31
100%
32 32
100%
33 33
100%
34 34
100%
35 35
100%
36 36
100%
37 37
100%
38 38
100%
39 39
100%
4 4
100%
5 5
100%
6 6
100%
7 7
100%
8 8
100%
9 9
100%
20 20
67%
40 40
67%
41 41
67%
44 44
67%
42 42
33%
43 43
33%
45 45
33%
46 46
33%
47 47
33%
48 48
33%
49 49
33%
50 50
33%
51 51
33%
52 52
33%
53 53
33%
54 54
33%
55 55
0%
56 56
0%
57 57
0%
58 58
0%
59 59
0%
60 60
0%
61 61
0%
62 62
0%
63 63
0%
64 64
0%
65 65
0%
66 66
0%
67 67
0%
68 68
0%
69 69
0%
70 70
0%
71 71
0%
72 72
0%
73 73
0%
74 74
0%
75 75
0%
76 76
0%
77 77
0%
78 78
0%
79 79
0%
80 80
0%
81 81
0%
82 82
0%
83 83
0%
84 84
0%
85 85
0%
86 86
0%
87 87
0%
88 88
0%
89 89
0%
90 90
0%
91 91
0%
92 92
0%
93 93
0%
94 94
0%
95 95
0%
96 96
0%
97 97
0%
98 98
0%
99 99
0%
Aucun quiz correspondant
Distribution des résultats
% des personnes avec chaque résultat
Percentile par nombre de réponses
Votre historique - résultats
Vous n’avez pas pris ce quiz